000 00836cam a2200217 4500
001 WB3807-19
008 020220n2002 000 0 eng u
035 _a(Sirsi) u116768
245 _aCentral London buy-to-let rents down 10%
260 _c2002
490 _aEstates Gazette
_v(0207) 16 February 2002, 44(1)
520 _aResearch by FPD Savills due to be published next month will show prime central London rents have fallen by 10% with more reductions expected. This slip is blamed on a weakening in corporate demand and a rising supply of buy-to-let properties. The lowest rental bands have been affected most.
590 _aWB
650 _aRENTS
650 _aCENTRAL LONDON
650 _aFPD SAVILLS
650 _aBUY-TO-LET
650 _aRENTAL SECTOR
690 _aLANDLORD AND TENANT-RENT REVIEWS
942 _n0
999 _c69547
_d69547